Biblioteca

God and the market : (Registro nro. 70458)

Detalles MARC
000 -LÍDER
Campo fijo de descripción fija 00994nam a2200241 4500
001 - NÚMERO DE CONTROL
Campo de control 768714001
003 - IDENTIFICADOR DEL NÚMERO DE CONTROL
Campo de control CO-MdFUSB
005 - FECHA Y HORA DE LA ULTIMA TRANSACCIÓN
control field 20240709100731.0
008 - ELEMENTOS DE LONGITUD FIJA -- INFORMACIÓN GENERAL
Campo fijo de descripción fija -- Información general 240709t1999 sz ||||| |||| 00| 0 eng d
040 ## - FUENTE DE CATALOGACIÓN
Idioma de catalogación spa
Agencia que realiza la transcripción CO-MdFUSB
Agencia que realiza la modificación CO-MdFUSB
041 ## - CÓDIGO DE IDIOMA
Código de idioma para texto/pista de sonido o título separado eng
100 ## - ASIENTO PRINCIPAL--NOMBRE PERSONAL
Nombre personal Reeve, Ted,
Fechas asociadas con el nombre 1957-
Término relacionador autor
245 ## - TÍTULO
Título God and the market :
Subtitulo affecting your life and faith
Mención de responsabilidad / Ted Reeve
520 ## - NOTA DE RESUMEN, ETC.
Nota de sumario, etc. Este artículo titulado en español "Dios y el mercado - afectando tu vida y fe", enseña la importancia de llevar una economía equilibrada y ser responsable con las deudas y pago de impuestos.
546 ## - NOTA DE IDIOMA
Nota de idioma Texto en inglés.
650 #7 - ASIENTO SECUNDARIO DE MATERIA - TERMINO TEMÁTICO
Término temático o nombre geográfico como elemento de entrada Dios
9 (RLIN) 178
650 #0 - ASIENTO SECUNDARIO DE MATERIA - TERMINO TEMÁTICO
Término temático o nombre geográfico como elemento de entrada Cristianismo y economía
9 (RLIN) 1199
650 #7 - ASIENTO SECUNDARIO DE MATERIA - TERMINO TEMÁTICO
Término temático o nombre geográfico como elemento de entrada Política social
9 (RLIN) 2578
653 ## - TÉRMINO DE INDIZACIÓN - NO CONTROLADO
Término no controlado Economía de mercado
773 0# - ASIENTO DE ITEM FUENTE
Biblionumber 49396
Itemnumber 59524
Lugar, editorial y fecha de publicación Ginebra
Otro identificador del ítem R1153
Título Reformed World
Número de control del registro (CO-MdFUSB)38
Número Internacional Normalizado para Publicaciones Seriadas (ISSN) 0034-3056
Parte(s) relacionada(s) / Volumen., número. (mes año), páginas Volumen 49, (número 3, 1999) páginas: 92 - 98
Enumeración y primera página página: 92
942 ## - TIPO DE MATERIAL (KOHA)
Tipo de Item KOHA Artículos de Revista
945 ## - INFORMACIÓN LOCAL DEL REGISTRO
Catalogador Catherine Arias Álvarez - Practicante SENA

No hay ítems disponibles.

Biblioteca FUSBC | Teléfono: (57+4) 349 88 10 Ext. 141| WhatsApp (+57) 3005338115 
E-mail: biblioteca@unisbc.edu.co | Calle 76 87-14 Robledo Palenque, Medellín, Colombia

Con tecnología Koha